Consideraciones psicoanalíticas sobre partos distócicos (Record no. 123464)

MARC details
000 -LEADER
campo de control de longitud fija 00552nam a2200169 4500
001 - NÚMERO DE CONTROL
campo de control 123464
003 - IDENTIFICADOR DE NÚMERO DE CONTROL
campo de control ES-MaACL
005 - FECHA Y HORA DE LA ÚLTIMA TRANSACCIÓN
campo de control 20230906192158.0
007 - CAMPO FIJO DE DESCRIPCIÓN FÍSICA--INFORMACIÓN GENERAL
campo de control de longitud fija t|
008 - DATOS DE LONGITUD FIJA--INFORMACIÓN GENERAL
campo de control de longitud fija 070214s1957 sp r ||||1| spa d
100 1# - ENTRADA PRINCIPAL--NOMBRE DE PERSONA
Nombre de persona Quijada, Hernán.
9 (RLIN) 94612
245 10 - MENCIÓN DEL TÍTULO
Título Consideraciones psicoanalíticas sobre partos distócicos
Resto del título : aspectos psicofisiológicos de las relaciones entre la madre y el feto /
Mención de responsabilidad, etc. Hernán Quijada.
260 ## - PUBLICACIÓN, DISTRIBUCIÓN, ETC.
Lugar de publicación, distribución, etc. Madrid :
Nombre del editor, distribuidor, etc. Paz Montalvo,
Fecha de publicación, distribución, etc. 1957.
300 ## - DESCRIPCIÓN FÍSICA
Extensión 144 p. ;
Dimensiones 21 cm.
650 00 - PUNTO DE ACCESO ADICIONAL DE MATERIA--TÉRMINO DE MATERIA
Término de materia o nombre geográfico como elemento de entrada Parto.
9 (RLIN) 15879
852 ## - LOCALIZACIÓN
Ubicación ES-MaACL
Número de control de estantería C-12491
Holdings
Estatus retirado Estado de pérdida Estado de daño No para préstamo Biblioteca de origen Biblioteca actual Ubicación en estantería Fecha de adquisición Fuente de adquisición Total de préstamos Signatura topográfica completa Código de barras Visto por última vez Precio de reemplazo Tipo de ítem Koha
        Biblioteca del Ateneo de Madrid Biblioteca del Ateneo de Madrid Sala Palomar 17/01/2008     C-12491 1128638 23/02/2023 23/02/2023 Libro impreso